000 00643nam a2200265Ia 4500
005 20260121173706.0
008 008 260114s9999 xx 000 0 eng d
020 _a9789463001151
037 _aEBOOK
040 _aCRL
040 _beng
040 _cCRL
041 _2eng
041 _aeng
084 _qCRL
100 _aRobert Danberg
_91104027
245 0 _aTeaching Writing While Standing on One Foot
260 _bSpringer
260 _bSpringer
260 _c2015
856 _uhttps://link.springer.com/openurl?genre=book&isbn=978-94-6300-115-1
942 _cEBOOK
999 _c1669776
_d1669776